Systems thinking : managing chaos and complexity : a platform for designing business architecture

An excellent addition to books written on Systems Thinking. It is practical and timely and can be used by a vast majority of professionals such as engineers, planners and managers. I recommend it very highly to practitioners and academics. C. J. Khisty, Dept. of Civil Engineering, Illinois Institute...

সম্পূর্ণ বিবরণ

সংরক্ষণ করুন:
গ্রন্থ-পঞ্জীর বিবরন
প্রধান লেখক: Gharajedaghi, Jamshid
বিন্যাস: গ্রন্থ
ভাষা:Undetermined
প্রকাশিত: Amsterdam Elsevier 2006
বিষয়গুলি:
ট্যাগগুলো: ট্যাগ যুক্ত করুন
কোনো ট্যাগ নেই, প্রথমজন হিসাবে ট্যাগ করুন!
Thư viện lưu trữ: Trung tâm Học liệu Trường Đại học Cần Thơ
LEADER 01153nam a2200229Ia 4500
001 CTU_138468
008 210402s9999 xx 000 0 und d
020 |c 36.85 
082 |a 003 
082 |b G411 
100 |a Gharajedaghi, Jamshid 
245 0 |a Systems thinking : 
245 0 |b managing chaos and complexity : a platform for designing business architecture 
245 0 |c Jamshid Gharajedaghi 
260 |a Amsterdam 
260 |b Elsevier 
260 |c 2006 
520 |a An excellent addition to books written on Systems Thinking. It is practical and timely and can be used by a vast majority of professionals such as engineers, planners and managers. I recommend it very highly to practitioners and academics. C. J. Khisty, Dept. of Civil Engineering, Illinois Institute of Technology 
650 |a System analysis,Chaotic behavior in systems,Industrial management,Technological complexity,Quản lý công nghiệp,Hành xử hỗn loạn,Phân tích hệ thống,Phức tạp kỹ thuật 
904 |i Nguyễn Hữu Lộc 
910 |a AVA.000722 
980 |a Trung tâm Học liệu Trường Đại học Cần Thơ